Les harpies - Cendrillon (Paroles) - Statistiques

Statistiques générales
  • Ce quiz a été pris 161 fois
  • Le résultat moyen est 111 sur 162
Statistiques - réponses
Paroles % Correct
Ce
96%
ce
96%
de
95%
la
95%
le
93%
Souris Le
93%
les
93%
pas
93%
et
92%
Et
92%
ça
90%
c'est
90%
C'est
90%
tout
90%
journée
88%
toute
87%
faire
86%
l'esclavage
86%
ménage
86%
n'arrête
86%
va
86%
a
85%
à
85%
repassage
85%
vraiment
85%
Cendrillon
84%
patata
84%
Jack Patati
84%
sa
83%
Jack Elle
80%
elle
80%
Suzy On
79%
on
79%
vaisselle
78%
Faut
76%
faut
76%
jamais
76%
cuisine
75%
peut
75%
sans
75%
temps
75%
s'arrêter
73%
harpies
72%
plus
71%
un
68%
Un
68%
pour
67%
sera
66%
travailler
66%
fini
65%
jolie
65%
lavage
65%
robe
65%
doit
64%
n'est
64%
une
64%
manière
63%
Quand
62%
l'art
60%
ses
60%
soir
60%
sorcier
59%
par
58%
Dans
56%
d'être
56%
aiguille
54%
ciseaux
54%
en
54%
amis
53%
coudre
52%
feu
52%
faite
50%
Gus | Jack Moi
49%
ruban
49%
aller
48%
j'ai
48%
y
48%
cachette
47%
affaire
46%
ira
46%
satin
46%
Avec
45%
danser
45%
Souris Qui
45%
qui
45%
trouvé
45%
Vous
45%
trois
43%
arriver
41%
couturières
41%
Allez
40%
allez
40%
Non
38%
non
38%
tous
38%
aux
36%
moment
36%
crient
35%
ruche
34%
fanfreluches
33%
femmes
33%
traînasser
26%
petit
25%
piste
25%
nœud
23%
coquin
19%
Aucun quiz correspondant
Distribution des résultats
% des personnes avec chaque résultat
Percentile par nombre de réponses
Votre historique - résultats
Vous n’avez pas pris ce quiz